000 00449cam a2200181ua 4500
001 1671
008 110921n ii |||gr||||Z||||||eng
020 _a81-237-0036-9
040 _cMAIN
082 _a363.7
100 _aFutehally, Laeeq,
_eAuthor.
245 1 _aOur environmental
_cby Laeeq Futhally
250 _a1st.
260 _aCalcutta:
_bNational Book Trust,988.
300 _a137p:
_c23cm.
653 _aEnvironmental studies
942 _cBK
999 _c1558
_d1558